[Event "Interclubs Adultes"]
[Site "LYON OE"]
[Date "2008.02.09"]
[Round "6.2"]
[White "Sermier, Guillaume"]
[Black "Elbilia, Jacques"]
[Result "1-0"]
[WhiteElo "2366"]
[BlackElo "2351"]
[PlyCount "67"]
[EventDate "2008.02.09"]
[WhiteTeam "Besançon T.P.G."]
[BlackTeam "Vincennes"]

1. e4 d6 2. d4 Nf6 3. Nc3 e5 4. Nf3 Nbd7 5. Bc4 Be7 6. Ng5 O-O 7. Bxf7+ Rxf7 8.
Ne6 Qe8 9. Nxc7 Qd8 10. Nxa8 b6 11. Be3 Bb7 12. d5 Qxa8 13. O-O b5 14. f3 Qb8
15. b4 a5 16. a3 Ba6 17. Qd3 Nb6 18. a4 Nc4 19. axb5 Nxe3 20. Qxe3 Bxb5 21.
Nxb5 Qxb5 22. bxa5 Bd8 23. Rfb1 Qa6 24. Kh1 Rd7 25. Qd3 Qa7 26. Qb5 Kf7 27. a6
Rc7 28. Qb8 Ke7 29. Qxa7 Rxa7 30. Rb7+ Rxb7 31. axb7 Nd7 32. Ra8 Bc7 33. Rc8
Bb8 34. Kg1 1-0

[Event "Interclubs Adultes"]
[Site "LYON OE"]
[Date "2008.02.09"]
[Round "6.3"]
[White "Schabanel, Stephane"]
[Black "Claverie, Christophe"]
[Result "1/2-1/2"]
[WhiteElo "2263"]
[BlackElo "2324"]
[PlyCount "76"]
[EventDate "2008.02.09"]
[WhiteTeam "Vincennes"]
[BlackTeam "Besançon T.P.G."]

1. e4 c5 2. Nf3 d6 3. d4 cxd4 4. Nxd4 Nf6 5. Nc3 Nc6 6. Bg5 Bd7 7. Be2 Rc8 8.
O-O Nxd4 9. Qxd4 Qa5 10. Bxf6 gxf6 11. a4 a6 12. Nd5 Qc5 13. Qd3 Bg7 14. Ra3
Qxc2 15. Qg3 Bh6 16. Bg4 Bxg4 17. Qxg4 Rc4 18. Rc3 Rxc3 19. bxc3 Kf8 20. e5
dxe5 21. Qd7 Kg7 22. Qxe7 Qf5 23. Qxb7 Rd8 24. c4 a5 25. g3 Bd2 26. Rd1 Bb4 27.
Qb6 Rd6 28. Qe3 Rc6 29. Qe2 Bc5 30. Kg2 h5 31. Rd3 e4 32. Rb3 Bd6 33. f4 Bc5
34. Rb5 e3 35. Nxe3 Qe4+ 36. Kh3 Qxe3 37. Qxh5 Qe6+ 38. Kg2 Qe2+ 1/2-1/2

[Event "Interclubs Adultes"]
[Site "LYON OE"]
[Date "2008.02.09"]
[Round "6.4"]
[White "Crut, Aurelien"]
[Black "Fayard, Alain"]
[Result "1/2-1/2"]
[WhiteElo "2314"]
[BlackElo "2324"]
[PlyCount "81"]
[EventDate "2008.02.09"]
[WhiteTeam "Besançon T.P.G."]
[BlackTeam "Vincennes"]

1. e4 e5 2. Nf3 Nc6 3. Bb5 Nf6 4. Bxc6 dxc6 5. d3 Bd6 6. Nbd2 Be6 7. O-O Qe7 8.
Qe2 Nd7 9. Nc4 f6 10. Be3 c5 11. a3 g5 12. Nfd2 h5 13. c3 Nf8 14. d4 a6 15. d5
Bd7 16. b4 cxb4 17. cxb4 Ng6 18. Rfc1 Nf4 19. Bxf4 gxf4 20. Nxd6+ cxd6 21. Rc7
Qd8 22. Rc3 Ke7 23. Rac1 Rc8 24. Rxc8 Bxc8 25. Qc4 Bd7 26. Qc7 Qxc7 27. Rxc7
Rb8 28. f3 Kd8 29. Rc3 h4 30. Kf2 Rc8 31. Rxc8+ Kxc8 32. g3 hxg3+ 33. hxg3
fxg3+ 34. Kxg3 f5 35. f4 fxe4 36. Nxe4 Kc7 37. Kf3 exf4 38. Kxf4 Bh3 39. Ke3
Bg2 40. Nc3 Kd7 41. Kd4 1/2-1/2

[Event "Interclubs Adultes"]
[Site "LYON OE"]
[Date "2008.02.09"]
[Round "6.5"]
[White "Rabeyrin, Jean-Jacques"]
[Black "Burnier, David"]
[Result "1/2-1/2"]
[WhiteElo "2314"]
[BlackElo "2304"]
[PlyCount "78"]
[EventDate "2008.02.09"]
[WhiteTeam "Vincennes"]
[BlackTeam "Besançon T.P.G."]

1. e4 e5 2. Nf3 Nc6 3. Bc4 Nf6 4. d3 Be7 5. a4 O-O 6. O-O d6 7. Re1 Kh8 8. Nbd2
Ng8 9. Nf1 f5 10. exf5 Bxf5 11. h3 Qd7 12. Ng3 Be6 13. Bxe6 Qxe6 14. d4 Qf7 15.
Be3 exd4 16. Nxd4 Nxd4 17. Bxd4 c5 18. Be3 d5 19. c3 Rad8 20. Qg4 b6 21. Re2
Bf6 22. Rd1 d4 23. cxd4 cxd4 24. Bg5 d3 25. Red2 Rd4 26. f4 Bxg5 27. Qxg5 Qxf4
28. Qxf4 Rfxf4 29. b3 Nf6 30. Rxd3 Rxd3 31. Rxd3 Kg8 32. Ne2 Re4 33. Nd4 a6 34.
Nf5 Rb4 35. Ne7+ Kf7 36. Nc6 Re4 37. Kf2 Re8 38. Kf3 Re1 39. Kf2 Re8 1/2-1/2

[Event "Interclubs Adultes"]
[Site "LYON OE"]
[Date "2008.02.09"]
[Round "6.6"]
[White "Minet, Steve"]
[Black "Jablonski, Noham"]
[Result "1/2-1/2"]
[WhiteElo "2152"]
[BlackElo "2268"]
[PlyCount "54"]
[EventDate "2008.02.09"]
[WhiteTeam "Besançon T.P.G."]
[BlackTeam "Vincennes"]

1. b3 d5 2. Bb2 Bg4 3. Nf3 Nd7 4. e3 Ngf6 5. Be2 e6 6. O-O Bd6 7. c4 c6 8. h3
Bh5 9. d4 Ne4 10. Nfd2 Bxe2 11. Qxe2 Ndf6 12. Nxe4 Nxe4 13. Nd2 Nxd2 14. Qxd2
Qh4 15. f4 g5 16. Qf2 Qxf2+ 17. Rxf2 gxf4 18. exf4 f5 19. Re1 Kd7 20. Rfe2 Rae8
21. g3 h5 22. h4 Rhg8 23. Kf2 Rg6 24. Re3 Reg8 25. R1e2 b6 26. Bc3 Bf8 27. Rd3
Bd6 1/2-1/2

[Event "Interclubs Adultes"]
[Site "LYON OE"]
[Date "2008.02.09"]
[Round "6.8"]
[White "Lamotte, Gaelle"]
[Black "Descroix, Claire"]
[Result "1-0"]
[WhiteElo "1915"]
[BlackElo "1640"]
[PlyCount "91"]
[EventDate "2008.02.09"]
[WhiteTeam "Besançon T.P.G."]
[BlackTeam "Vincennes"]

1. e4 e6 2. d4 d5 3. Nc3 Nf6 4. Bg5 Be7 5. e5 Nfd7 6. Bxe7 Qxe7 7. f4 c5 8. Nb5
O-O 9. Nc7 Nb6 10. Nxa8 Nxa8 11. c3 c4 12. Nf3 Nc6 13. Be2 Nc7 14. O-O Ne8 15.
Qe1 f6 16. Qg3 f5 17. h4 b5 18. h5 b4 19. Ng5 Nc7 20. Rf3 a5 21. Qe1 Nb5 22.
Bd1 bxc3 23. bxc3 Na3 24. Rg3 Nd8 25. Qd2 Nc6 26. Ba4 Na7 27. Qb2 Ba6 28. Qb6
Bc8 29. Qxa5 Kh8 30. Rf1 Qb7 31. Kh2 Qe7 32. Rf2 h6 33. Nf3 Nb1 34. Rb2 Na3 35.
Ng1 Qh4+ 36. Nh3 Qe7 37. Ng1 Qh4+ 38. Nh3 Qe7 39. Kg1 Kh7 40. Kf2 Kg8 41. Ng1
Kh7 42. Nf3 Kg8 43. Rh3 Kh7 44. Nh4 Rf7 45. Ng6 Qc7 46. Qb4 1-0

[Event "Interclubs Adultes"]
[Site "LYON OE"]
[Date "2008.02.09"]
[Round "6.1"]
[White "Bouchet, Nicolas"]
[Black "Lazarev, Vladimir"]
[Result "1/2-1/2"]
[WhiteElo "2318"]
[BlackElo "2488"]
[PlyCount "38"]
[EventDate "2008.02.09"]
[WhiteTeam "Creteil"]
[BlackTeam "Lyon Olympique Echecs"]

1. e4 c5 2. Nf3 Nc6 3. Bb5 g6 4. O-O Bg7 5. Re1 Nf6 6. c3 Qb6 7. Bf1 d6 8. h3
O-O 9. d4 cxd4 10. cxd4 d5 11. e5 Ne4 12. Nc3 Nxc3 13. bxc3 Na5 14. Ba3 Qc7 15.
Qa4 b6 16. Bb4 Nc6 17. c4 Nxb4 18. Qxb4 Bb7 19. Rac1 Bh6 1/2-1/2

[Event "Interclubs Adultes"]
[Site "LYON OE"]
[Date "2008.02.09"]
[Round "6.2"]
[White "Doncea, Vladimir"]
[Black "Romieux, Sebastien"]
[Result "1-0"]
[WhiteElo "2444"]
[BlackElo "2248"]
[PlyCount "41"]
[EventDate "2008.02.09"]
[WhiteTeam "Lyon Olympique Echecs"]
[BlackTeam "Creteil"]

1. c4 Nf6 2. Nc3 e6 3. e4 Nc6 4. d4 d5 5. e5 Ne4 6. a3 Be7 7. Nf3 O-O 8. Bd3
Nxc3 9. bxc3 dxc4 10. Bxc4 Na5 11. Bd3 c5 12. h4 f5 13. exf6 gxf6 14. Rh3 Rf7
15. h5 Bd7 16. Rg3+ Kh8 17. Nh4 Bd6 18. Ng6+ hxg6 19. hxg6 Rg7 20. Qh5+ Kg8 21.
Qh7+ 1-0

[Event "Interclubs Adultes"]
[Site "LYON OE"]
[Date "2008.02.09"]
[Round "6.3"]
[White "Brih, Said"]
[Black "Benitah, Yohan"]
[Result "0-1"]
[WhiteElo "2212"]
[BlackElo "2413"]
[PlyCount "150"]
[EventDate "2008.02.09"]
[WhiteTeam "Creteil"]
[BlackTeam "Lyon Olympique Echecs"]

1. d4 Nf6 2. c4 c5 3. d5 b5 4. cxb5 a6 5. bxa6 g6 6. Nc3 Bxa6 7. e4 Bxf1 8.
Kxf1 d6 9. g3 Bg7 10. Kg2 O-O 11. Nf3 Nbd7 12. Be3 Qa5 13. h3 Rfb8 14. Rb1 Rb7
15. Qc2 Ne8 16. Rhc1 Nc7 17. Nd2 Qa6 18. Nf3 Nb5 19. Nxb5 Rxb5 20. a4 Qxa4 21.
Ra1 Qxa1 22. Rxa1 Rxa1 23. b3 h6 24. e5 Nxe5 25. Nxe5 Bxe5 26. Bxh6 Ra3 27. Bf4
Bf6 28. h4 Raxb3 29. h5 Rb2 30. Qd3 R5b3 31. Qe4 Rb4 32. Qf3 Kg7 33. g4 Bd4 34.
h6+ Kg8 35. Be3 Bxe3 36. Qxe3 Rxg4+ 37. Kh3 Rbb4 38. Qxe7 Rh4+ 39. Kg2 Rxh6 40.
Qxd6 Rh5 41. Qxc5 Rg5+ 42. Kf1 Rb1+ 43. Ke2 Rb8 44. Qd6 Re8+ 45. Kd3 Ree5 46.
Qb8+ Kg7 47. d6 Rd5+ 48. Kc4 Rd2 49. f4 Rgd5 50. d7 Rxd7 51. Qe5+ Kh7 52. f5 g5
53. Qe3 R2d4+ 54. Kc5 f6 55. Kc6 Kg7 56. Qe8 Rf7 57. Qe3 Rf4 58. Qd3 Re7 59.
Qd6 Re5 60. Qc7+ Kh6 61. Qb8 Rfxf5 62. Qh8+ Kg6 63. Kd6 Rd5+ 64. Kc6 Rc5+ 65.
Kd6 Rfe5 66. Qh1 Rcd5+ 67. Kc6 Rd8 68. Kc7 Rde8 69. Kd7 R5e6 70. Qf1 R8e7+ 71.
Kd8 Rb7 72. Qc4 Ree7 73. Qc6 Rg7 74. Qe8+ Kf5 75. Kc8 Rgc7+ 0-1

[Event "Interclubs Adultes"]
[Site "LYON OE"]
[Date "2008.02.09"]
[Round "6.4"]
[White "Vernay, Clovis"]
[Black "Larrat, Philippe"]
[Result "0-1"]
[WhiteElo "2391"]
[BlackElo "2191"]
[PlyCount "74"]
[EventDate "2008.02.09"]
[WhiteTeam "Lyon Olympique Echecs"]
[BlackTeam "Creteil"]

1. d4 Nf6 2. c4 g6 3. Nc3 d5 4. cxd5 Nxd5 5. e4 Nxc3 6. bxc3 Bg7 7. Bc4 c5 8.
Ne2 O-O 9. O-O Nc6 10. Be3 Qc7 11. Rc1 Rd8 12. Bf4 Qd7 13. dxc5 Qe8 14. Bd5 Bd7
15. Rb1 e6 16. Bb3 Ne5 17. Qc2 Rdc8 18. Be3 Ng4 19. Bd4 e5 20. f3 Nf6 21. Bf2
Bf8 22. Bd5 Nxd5 23. exd5 Bf5 24. Qd2 Bxb1 25. Rxb1 Rab8 26. Ng3 Qd8 27. d6 b6
28. cxb6 Qxd6 29. Qxd6 Bxd6 30. Ne4 Be7 31. Rb5 f5 32. Rxe5 Kf7 33. Nd2 axb6
34. Rb5 Rxc3 35. Nb3 Ra8 36. Rxb6 Rxa2 37. Rb7 Rxb3 0-1

[Event "Interclubs Adultes"]
[Site "LYON OE"]
[Date "2008.02.09"]
[Round "6.5"]
[White "Li, Frederic"]
[Black "Safranska, Anda"]
[Result "1/2-1/2"]
[WhiteElo "2107"]
[BlackElo "2299"]
[PlyCount "120"]
[EventDate "2008.02.09"]
[WhiteTeam "Creteil"]
[BlackTeam "Lyon Olympique Echecs"]

1. Nf3 g6 2. c4 Bg7 3. Nc3 Nf6 4. e4 d6 5. d4 O-O 6. Be2 Na6 7. O-O e5 8. Be3
Ng4 9. Bg5 Qe8 10. h3 f6 11. Bh4 Nh6 12. dxe5 dxe5 13. a3 c6 14. b4 Nc7 15. c5
Ne6 16. Bc4 Nf7 17. Nd2 f5 18. exf5 gxf5 19. Qh5 Nf4 20. Qd1 Kh8 21. Re1 Ng6
22. Bg3 e4 23. Rc1 Nfe5 24. f4 Nxc4 25. Nxc4 Be6 26. Nd6 Qe7 27. Qd2 Rad8 28.
Bf2 Rg8 29. Kh1 Bf6 30. Bd4 Rg7 31. Bxf6 Qxf6 32. Nd1 Rdg8 33. Re2 Qh4 34. Rf2
Qh5 35. Ne3 Rf8 36. Qc3 Kg8 37. Rcf1 Nh4 38. Qe5 Qh6 39. Qd4 Rg3 40. Kh2 Rg7
41. a4 Qg6 42. Kh1 Qg3 43. Qd2 h6 44. Re1 Kh7 45. Nf1 Qg6 46. Ne3 Rfg8 47. Qe2
Qg3 48. Qd2 Qg6 49. a5 a6 50. Qb2 Rf8 51. Qd2 Qf6 52. Qb2 Qe7 53. Kh2 Ng6 54.
Qd2 Qf6 55. Ref1 Rfg8 56. Qb2 Qf8 57. Re1 Nh4 58. Qe5 Bc8 59. Qb2 Re7 60. Ref1
Be6 1/2-1/2

[Event "Interclubs Adultes"]
[Site "LYON OE"]
[Date "2008.02.09"]
[Round "6.6"]
[White "Renaze, Luc"]
[Black "Graca, Robert"]
[Result "1/2-1/2"]
[WhiteElo "2316"]
[BlackElo "2075"]
[PlyCount "162"]
[EventDate "2008.02.09"]
[WhiteTeam "Lyon Olympique Echecs"]
[BlackTeam "Creteil"]

1. d4 Nf6 2. c4 c5 3. d5 a6 4. Nc3 b5 5. cxb5 axb5 6. Nxb5 Ba6 7. Nc3 d6 8. Nf3
g6 9. e4 Bxf1 10. Kxf1 Nbd7 11. h3 Bg7 12. g3 O-O 13. Kg2 Qa5 14. Re1 Rfb8 15.
Re2 Ne8 16. Rc2 Nc7 17. Bd2 Qa6 18. Qf1 Nb6 19. Re1 Nc4 20. Bc1 Nxb2 21. Bxb2
Rxb2 22. Qxa6 Nxa6 23. Rxb2 Bxc3 24. Rb7 Bxe1 25. Nxe1 c4 26. Rxe7 Nc5 27. e5
dxe5 28. Rxe5 Rxa2 29. d6 Ne6 30. Nf3 c3 31. d7 Ra8 32. Nd4 Rd8 33. Nxe6 fxe6
34. Rxe6 Rxd7 35. Rc6 Rd3 36. Rc7 h6 37. h4 h5 38. Kf1 c2 39. Ke2 Rd8 40. Rxc2
Kg7 41. Rc5 Ra8 42. Rd5 Ra3 43. Rd3 Ra2+ 44. Ke3 Rb2 45. Rd4 Ra2 46. f3 Ra7 47.
Rd5 Ra4 48. Rd4 Ra7 49. g4 hxg4 50. fxg4 Rf7 51. Ra4 Kh7 52. Ke4 Kg7 53. Ke5
Rb7 54. Rd4 Re7+ 55. Kf4 Rf7+ 56. Kg5 Ra7 57. Re4 Rb7 58. Rc4 Ra7 59. Kf4 Re7
60. Rd4 Rf7+ 61. Ke5 Re7+ 62. Kd6 Re1 63. Rc4 Rd1+ 64. Ke5 Re1+ 65. Kf4 Re7 66.
Rc6 Ra7 67. Ke5 Re7+ 68. Kd5 Rd7+ 69. Ke6 Rd4 70. Rc7+ Kg8 71. g5 Rxh4 72. Kf6
Ra4 73. Kxg6 Ra6+ 74. Kh5 Rb6 75. Ra7 Rc6 76. Ra5 Rb6 77. g6 Rb8 78. Kh6 Rc8
79. Ra7 Rb8 80. Rg7+ Kh8 81. Ra7 Kg8 1/2-1/2

[Event "Interclubs Adultes"]
[Site "LYON OE"]
[Date "2008.02.09"]
[Round "6.7"]
[White "L'Huillier, Thibaud"]
[Black "Ravot, Sylvain"]
[Result "0-1"]
[WhiteElo "2148"]
[BlackElo "2241"]
[PlyCount "164"]
[EventDate "2008.02.09"]
[WhiteTeam "Creteil"]
[BlackTeam "Lyon Olympique Echecs"]

1. d4 Nf6 2. c4 g6 3. Nc3 Bg7 4. e4 d6 5. Nf3 O-O 6. Be2 e5 7. O-O Na6 8. Rb1
Qe8 9. d5 Nc5 10. Nd2 a5 11. a3 a4 12. Bf3 Nfd7 13. b4 axb3 14. Nxb3 Nxb3 15.
Qxb3 f5 16. g3 b6 17. Bg2 f4 18. Nb5 Qd8 19. f3 Bh6 20. Qc2 Nc5 21. Nc3 Bd7 22.
Ne2 g5 23. g4 Ra5 24. Ra1 Qa8 25. Nc3 Qa6 26. Na2 Ba4 27. Qc3 Bb3 28. Nb4 Qxc4
29. Bd2 Qxc3 30. Bxc3 Rfa8 31. Bb2 Ba4 32. Rf2 Bb5 33. Bf1 Bxf1 34. Kxf1 Rb5
35. Rc2 Kf7 36. Ke2 Bg7 37. Rh1 Bf6 38. h3 h6 39. Ra1 Ke8 40. Kf1 Kd7 41. Rac1
Bd8 42. Rd1 Ra4 43. Ke2 Na6 44. Nxa6 Rxa6 45. Rd3 Raa5 46. Rdc3 Rc5 47. Kd3 c6
48. dxc6+ Kxc6 49. Rc4 Bc7 50. a4 d5 51. exd5+ Kxd5 52. Ba3 Rxc4 53. Rxc4 Bd6
54. Bxd6 Kxd6 55. Ke4 Rc5 56. Rb4 Kc6 57. Rb3 Rc4+ 58. Kxe5 Rxa4 59. Kf6 Rd4
60. Rc3+ Kb5 61. Ke5 Rd1 62. Rb3+ Ka5 63. h4 b5 64. hxg5 hxg5 65. Ra3+ Kb4 66.
Ra8 Kc4 67. Rc8+ Kb3 68. Kf5 Rd5+ 69. Ke4 Rd1 70. Rc5 Re1+ 71. Kf5 Kb4 72. Rc8
Re3 73. Kxg5 Rxf3 74. Kf5 Rf1 75. g5 f3 76. g6 Rg1 77. Rc2 Rg2 78. Rc1 f2 79.
Rf1 Kc3 80. Kf6 Kd3 81. g7 Ke2 82. Rb1 f1=Q+ 0-1

[Event "Interclubs Adultes"]
[Site "LYON OE"]
[Date "2008.02.09"]
[Round "6.8"]
[White "Mehiaoui, Dounia"]
[Black "L'Huillier, Helene"]
[Result "1/2-1/2"]
[WhiteElo "1861"]
[BlackElo "2010"]
[PlyCount "134"]
[EventDate "2008.02.09"]
[WhiteTeam "Lyon Olympique Echecs"]
[BlackTeam "Creteil"]

1. e4 e5 2. d4 exd4 3. Qxd4 Nc6 4. Qe3 d6 5. Nc3 Nf6 6. Bd2 Be6 7. O-O-O g6 8.
f4 Qe7 9. h3 O-O-O 10. Bb5 Bd7 11. Nf3 a6 12. Ba4 Bg7 13. Rhe1 Rhe8 14. Nd4
Nxd4 15. Qxd4 Nh5 16. Bxd7+ Qxd7 17. Qa7 Qc6 18. g4 Bxc3 19. Bxc3 Nxf4 20. Bf6
Ng2 21. Re2 Nf4 22. Re3 Ng2 23. Rb3 b6 24. Qxa6+ Kd7 25. Bxd8 Kxd8 26. Qf1 Qxe4
27. Qxf7 Ne3 28. Rc3 Re7 29. Qf8+ Re8 30. Qf6+ Re7 31. Re1 Nd5 32. Qf8+ Re8 33.
Qxe8+ Qxe8 34. Rxe8+ Kxe8 35. Rf3 Ke7 36. g5 Ke6 37. c4 Nb4 38. a3 Nc6 39. Rf6+
Ke7 40. Kd2 Ne5 41. Kc3 Nd7 42. Rf1 Ke6 43. b4 c5 44. h4 Ne5 45. Rf8 Nc6 46.
Rh8 d5 47. cxd5+ Kxd5 48. Rxh7 Ne5 49. h5 gxh5 50. Rxh5 cxb4+ 51. axb4 Ke6 52.
Rh6+ Kf5 53. Rxb6 Kxg5 54. Rb5 Kf6 55. Rxe5 Kxe5 56. Kc4 Kd6 57. Kb5 Kc7 58.
Ka6 Kb8 59. Kb6 Ka8 60. Kc7 Ka7 61. b5 Ka8 62. Kc8 (62. Kb6 Kb8 63. Ka6 Kc7 64.
b6+ Kc8 65. Ka7) 62... Ka7 63. Kc7 Ka8 64. Kc6 Ka7 65. b6+ Ka8 66. Kc5 Kb8 67.
Kb5 Kb7 1/2-1/2

[Event "Interclubs Adultes"]
[Site "LYON OE"]
[Date "2008.02.09"]
[Round "6.1"]
[White "Shirazi, Kamran"]
[Black "Romero Holmes, Alfonso"]
[Result "1/2-1/2"]
[WhiteElo "2422"]
[BlackElo "2526"]
[PlyCount "82"]
[EventDate "2008.02.09"]
[WhiteTeam "Lutèce Echecs"]
[BlackTeam "Avignon"]

1. e4 c5 2. Nf3 d6 3. Bb5+ Bd7 4. Bxd7+ Qxd7 5. O-O Nf6 6. e5 dxe5 7. Nxe5 Qc8
8. d3 Nc6 9. Nxc6 Qxc6 10. Nd2 g6 11. Re1 Bg7 12. a4 Nd5 13. Nc4 O-O 14. Bg5 f6
15. Bd2 e5 16. Qb1 Rf7 17. b4 cxb4 18. Bxb4 Nf4 19. f3 Bf8 20. Bxf8 Raxf8 21.
Qb5 Qc7 22. Qa5 Qb8 23. Rab1 Rd8 24. Rb2 Rd5 25. Rb5 Rfd7 26. g3 Rxb5 27. Qxb5
Nh3+ 28. Kg2 Qc8 29. f4 Rd8 30. Nxe5 Nxf4+ 31. gxf4 Qxc2+ 32. Kg1 fxe5 33. fxe5
Qxd3 34. Qxb7 Qd4+ 35. Kh1 Qf2 36. Rc1 Qe3 37. Rf1 Qxe5 38. Qf7+ Kh8 39. Qxa7
Qe4+ 40. Kg1 Qg4+ 41. Kh1 Qe4+ 1/2-1/2

[Event "Interclubs Adultes"]
[Site "LYON OE"]
[Date "2008.02.09"]
[Round "6.3"]
[White "Babault, Patrice"]
[Black "Meynard, Thibault"]
[Result "1-0"]
[WhiteElo "2320"]
[BlackElo "2289"]
[PlyCount "49"]
[EventDate "2008.02.09"]
[WhiteTeam "Lutèce Echecs"]
[BlackTeam "Avignon"]

1. e4 c5 2. Nf3 Nc6 3. Nc3 e5 4. Bc4 d6 5. d3 Be7 6. Nd2 Nf6 7. Nf1 Nd7 8. Nd5
Nb6 9. Nxb6 axb6 10. a4 O-O 11. Ne3 Bg5 12. O-O Kh8 13. c3 f5 14. Nxf5 Bxf5 15.
Bxg5 Qxg5 16. exf5 Rxf5 17. Qb3 Raf8 18. g3 R5f6 19. Qxb6 d5 20. Bxd5 Nb4 21.
Qxc5 Nxd3 22. Qe3 Nf4 23. Bg2 Rg6 24. Rae1 Re8 25. Qxf4 1-0

[Event "Interclubs Adultes"]
[Site "LYON OE"]
[Date "2008.02.09"]
[Round "6.4"]
[White "Cursoux, Laurent"]
[Black "Carpentier, Pierre"]
[Result "1-0"]
[WhiteElo "2249"]
[BlackElo "2193"]
[PlyCount "91"]
[EventDate "2008.02.09"]
[WhiteTeam "Avignon"]
[BlackTeam "Lutèce Echecs"]

1. c4 Nf6 2. Nc3 g6 3. Nf3 Bg7 4. g3 d6 5. Bg2 O-O 6. O-O e5 7. d3 Nc6 8. Rb1
h6 9. b4 a6 10. a4 Be6 11. Ne1 Rb8 12. Nc2 Qd7 13. Nd5 Ne8 14. b5 axb5 15. axb5
Nd8 16. Ncb4 Bh3 17. Qa4 Bxg2 18. Kxg2 Kh7 19. Qa7 Rc8 20. e4 f5 21. exf5 Qxf5
22. Ne7 Qf3+ 23. Kg1 Ne6 24. Qe3 Ra8 25. Qxf3 Rxf3 26. Be3 Rf7 27. Ned5 Bh8 28.
Ra1 Rb8 29. Ra7 h5 30. h4 N8g7 31. b6 c5 32. Na6 Rbf8 33. Nac7 Nd8 34. Bg5 Nc6
35. Rxb7 Nf5 36. Ne6 Rxb7 37. Nxf8+ Kg7 38. Ne6+ Kf7 39. Nd8+ Nxd8 40. Bxd8 Ke6
41. Ra1 Kd7 42. Ra8 Bg7 43. Bc7 Nd4 44. Rd8+ Ke6 45. Rxd6+ Kf5 46. Ne3# 1-0

[Event "Interclubs Adultes"]
[Site "LYON OE"]
[Date "2008.02.09"]
[Round "6.5"]
[White "Maleki, Nicolas"]
[Black "Pieroni, Guillaume"]
[Result "1/2-1/2"]
[WhiteElo "2193"]
[BlackElo "2216"]
[PlyCount "42"]
[EventDate "2008.02.09"]
[WhiteTeam "Lutèce Echecs"]
[BlackTeam "Avignon"]

1. e4 e6 2. d4 d5 3. e5 c5 4. c3 Qb6 5. Nf3 Bd7 6. a3 Bb5 7. b4 cxb4 8. Bxb5+
Qxb5 9. cxb4 a5 10. Nc3 Qc6 11. Bd2 axb4 12. axb4 Rxa1 13. Qxa1 Qa6 14. Qxa6
Nxa6 15. b5 Nc7 16. Ke2 Ne7 17. Ra1 Nc8 18. b6 Nxb6 19. Ra7 Kd7 20. Rxb7 Kc6
21. Ra7 h6 1/2-1/2

[Event "Interclubs Adultes"]
[Site "LYON OE"]
[Date "2008.02.09"]
[Round "6.6"]
[White "Duquesnoy, Jean-Philippe"]
[Black "Wunderman, Xavier"]
[Result "1/2-1/2"]
[WhiteElo "2237"]
[BlackElo "2136"]
[PlyCount "89"]
[EventDate "2008.02.09"]
[WhiteTeam "Avignon"]
[BlackTeam "Lutèce Echecs"]

1. d4 d5 2. Nf3 Nf6 3. c4 c6 4. g3 dxc4 5. Bg2 Bf5 6. O-O e6 7. Ne5 Be7 8. Nc3
Nbd7 9. Nxc4 O-O 10. h3 Bg6 11. e4 Bb4 12. Bg5 b5 13. Nd2 h6 14. Be3 Rc8 15. f4
c5 16. f5 exf5 17. exf5 Bh7 18. Nxb5 Qb6 19. a4 c4 20. g4 a6 21. Nc3 Rfe8 22.
Bf2 Qa5 23. Qf3 Nb6 24. Rfe1 Rxe1+ 25. Bxe1 h5 26. Nde4 Nxe4 27. Qxe4 g6 28. d5
hxg4 29. hxg4 Nd7 30. Rd1 Qb6+ 31. Bf2 Bc5 32. Rd2 gxf5 33. gxf5 Qh6 34. Qg4+
Kh8 35. Ne4 Rg8 36. Qe2 Bb4 37. Bd4+ f6 38. Rc2 Bxf5 39. Rxc4 Bh3 40. Rxb4 Bxg2
41. Nxf6 Qh1+ 42. Kf2 Qh4+ 43. Kg1 Qh1+ 44. Kf2 Qh4+ 45. Kg1 1/2-1/2

[Event "Interclubs Adultes"]
[Site "LYON OE"]
[Date "2008.02.09"]
[Round "6.7"]
[White "Le Roux, Yann-Erle"]
[Black "Handschuh, Alan"]
[Result "1-0"]
[WhiteElo "1991"]
[BlackElo "1840"]
[PlyCount "51"]
[EventDate "2008.02.09"]
[WhiteTeam "Lutèce Echecs"]
[BlackTeam "Avignon"]

1. d4 d5 2. c4 e6 3. Nc3 Nf6 4. cxd5 exd5 5. Bg5 Be7 6. Qc2 O-O 7. e3 c6 8. Bd3
h6 9. Bh4 Re8 10. Nge2 Qc7 11. Bxf6 Bxf6 12. Nxd5 Qa5+ 13. Ndc3 Nd7 14. O-O c5
15. Nd5 Bd8 16. Rfd1 cxd4 17. Bh7+ Kf8 18. Rxd4 Nf6 19. b4 Qb5 20. Bd3 Qc6 21.
Ndc3 Bb6 22. Bb5 Qe6 23. Bxe8 Bxd4 24. Bxf7 Qxf7 25. Nxd4 Bd7 26. Qd2 1-0

[Event "Interclubs Adultes"]
[Site "LYON OE"]
[Date "2008.02.09"]
[Round "6.8"]
[White "Bomba, Melody"]
[Black "Dacalor, Aurelie"]
[Result "0-1"]
[WhiteElo "1852"]
[BlackElo "2033"]
[PlyCount "100"]
[EventDate "2008.02.09"]
[WhiteTeam "Avignon"]
[BlackTeam "Lutèce Echecs"]

1. d4 Nf6 2. c3 d6 3. Nf3 Bg4 4. Bf4 Nbd7 5. Nbd2 c6 6. e3 e5 7. Bg5 h6 8. Bxf6
Qxf6 9. Qa4 Bf5 10. dxe5 dxe5 11. Be2 Nc5 12. Qh4 Qxh4 13. Nxh4 Nd3+ 14. Bxd3
Bxd3 15. Nhf3 f6 16. O-O-O c5 17. c4 e4 18. Nh4 O-O-O 19. Ng6 Rg8 20. Nf4 f5
21. Nxd3 Rxd3 22. Nb3 Rxd1+ 23. Rxd1 b6 24. Rd5 g6 25. Nd2 Kc7 26. Nf1 Kc6 27.
Rd8 Rh8 28. Ng3 Bg7 29. Rd5 b5 30. b3 bxc4 31. bxc4 Rb8 32. Rd2 Be5 33. Ne2 Rb4
34. Rc2 a5 35. h3 a4 36. Nf4 g5 37. Nd5 Rb7 38. Kd2 a3 39. f4 gxf4 40. exf4 Bb2
41. Ke2 Rg7 42. Kd1 Rd7 43. Ke2 Rg7 44. Kd1 Bd4 45. Ke1 Kd6 46. Kf1 Rb7 47. Rd2
Rb1+ 48. Ke2 Rc1 49. Ne3 Ke6 50. Rc2 Bxe3 0-1

[Event "Interclubs Adultes"]
[Site "LYON OE"]
[Date "2008.02.09"]
[Round "6.1"]
[White "Istratescu, Andrei"]
[Black "Van Elst, Andreas"]
[Result "1-0"]
[WhiteElo "2617"]
[BlackElo "2350"]
[PlyCount "57"]
[EventDate "2008.02.09"]
[WhiteTeam "Belfort"]
[BlackTeam "C.E.I. Toulouse"]

1. d4 Nf6 2. c4 g6 3. Nc3 Bg7 4. e4 d6 5. f3 O-O 6. Be3 e5 7. Nge2 c6 8. Qd2
Nbd7 9. O-O-O a6 10. Kb1 b5 11. c5 b4 12. Na4 Qa5 13. dxe5 Nxe5 14. Qc2 d5 15.
Nb6 dxe4 16. Nxa8 Be6 17. Nc1 Rxa8 18. Bd4 Qc7 19. f4 Neg4 20. h3 Nh6 21. Be5
Qa7 22. g4 Nd5 23. Bxg7 Kxg7 24. Qxe4 Qxc5 25. Qe5+ Kg8 26. Bd3 Re8 27. Nb3 Qa7
28. f5 Bd7 29. Qd6 1-0

[Event "Interclubs Adultes"]
[Site "LYON OE"]
[Date "2008.02.09"]
[Round "6.2"]
[White "Heinis, Vincent"]
[Black "Szabo, Gergely-Andras-Gyula"]
[Result "1/2-1/2"]
[WhiteElo "2184"]
[BlackElo "2509"]
[PlyCount "126"]
[EventDate "2008.02.09"]
[WhiteTeam "C.E.I. Toulouse"]
[BlackTeam "Belfort"]

1. d4 g6 2. Nf3 Bg7 3. c4 d6 4. Nc3 Nd7 5. e4 e5 6. Be2 Ngf6 7. O-O O-O 8. Be3
Ng4 9. Bg5 f6 10. Bh4 Nh6 11. dxe5 dxe5 12. Nd2 c6 13. b4 Nf7 14. Nb3 Qe7 15.
c5 Rd8 16. Qc2 Nf8 17. Rfd1 Be6 18. Na5 Rd4 19. Rxd4 exd4 20. Na4 g5 21. Bg3 f5
22. exf5 Bxf5 23. Bd3 Re8 24. h3 Bxd3 25. Qxd3 Ng6 26. Nb2 Nge5 27. Bxe5 Nxe5
28. Qb3+ Kh8 29. Nd3 Qd7 30. Nc4 Nxc4 31. Qxc4 Re2 32. Re1 Qe8 33. Kf1 Rxe1+
34. Nxe1 b5 35. Qe2 Qf7 36. Nd3 Bf6 37. Ke1 Kg7 38. f4 h6 39. Kd1 Qc4 40. Qc2
Qd5 41. Qe2 Kf7 42. fxg5 hxg5 43. Qh5+ Kg7 44. Qe2 a6 45. Kc1 Qc4+ 46. Kb1 Qd5
47. Qf3 Qe6 48. Kb2 Qc4 49. Qf5 Qc3+ 50. Kb1 Qd2 51. Qe4 Kf8 52. Qf5 Kg7 53.
Qe4 Kf8 54. Qf5 Qd1+ 55. Kb2 Qe2+ 56. Kb1 Ke7 57. Qh7+ Kd8 58. Qf5 Kc7 59. Qf3
Qd2 60. Qe4 Kb7 61. Qh7+ Kc8 62. Qf5+ Kb8 63. Qe4 Kc7 1/2-1/2

[Event "Interclubs Adultes"]
[Site "LYON OE"]
[Date "2008.02.09"]
[Round "6.3"]
[White "Butunoi, Alexandru"]
[Black "Tournier, Mathieu"]
[Result "0-1"]
[WhiteElo "2395"]
[BlackElo "2224"]
[PlyCount "80"]
[EventDate "2008.02.09"]
[WhiteTeam "Belfort"]
[BlackTeam "C.E.I. Toulouse"]

1. e4 e5 2. Nf3 Nc6 3. Bb5 a6 4. Ba4 Nf6 5. O-O b5 6. Bb3 Bc5 7. c3 d6 8. d4
Bb6 9. a4 Rb8 10. a5 Ba7 11. h3 O-O 12. Be3 exd4 13. cxd4 d5 14. e5 Ne4 15. Nc3
Nxc3 16. bxc3 Bf5 17. Qe2 h6 18. Rad1 Qd7 19. Nh4 Bh7 20. f4 Ne7 21. g4 f5 22.
exf6 Rxf6 23. f5 Re8 24. Rfe1 Rc6 25. Qd2 Rf6 26. Qg2 c6 27. Nf3 Nxf5 28. Bf2
Ne7 29. Ne5 Qc8 30. Bh4 Re6 31. Re2 Ng6 32. Bf2 Nxe5 33. dxe5 Bxf2+ 34. Rxf2
Rxe5 35. Rdf1 Bd3 36. Qf3 Bxf1 37. Rxf1 Rf8 38. Qd3 Rxf1+ 39. Qxf1 Qe6 40. Qd3
Re3 0-1